Sociedade e Expressões - Terceirão - Statistics

Estatísticas Gerais
  • Esse quiz foi jogado 16 vezes
  • A pontuação média é 32 de 35
Estatísticas das Respostas
Hint Resposta % Correto
1 Alessandro
100%
2 Alicia
100%
3 Alvaro
100%
4 Ana Julia
100%
6 Beatriz Falce
100%
10 Esther Marques
100%
12 Gabriel Pacheco
100%
27 Luiz Fernando
100%
30 Nicolas
100%
31 Rafael
100%
32 Raul
100%
35 Wagner
100%
5 Beatriz Borges
88%
7 Bruna
88%
9 Esther Judici
88%
11 Gabriel Castanheira
88%
13 Guilherme Cortez
88%
14 Guilherme Pereira
88%
16 Gustavo Knippel
88%
17 Gustavo Lopes
88%
15 Gustavo Zocolan
88%
18 Heloá
88%
20 João Paulo
88%
22 Julia Bovi
88%
21 Julia Martins
88%
23 Larissa
88%
24 Leticia Marins
88%
26 Luan
88%
29 Murilo
88%
33 Viniciius
88%
34 Vitoria
88%
8 Clarisse
75%
25 Leticia Paz
75%
28 Matheus
75%
19 Isabela
63%
Nenhum quiz correspondente encontrado
Distribuição das Pontuações
Porcentagem de Pessoas com Cada Pontuação
Percentil de Números Respondidos
Sua Pontuação Histórica
Você não jogou esse quiz